|
|
|
|
| LEADER |
00771cam a2200241 7i4500 |
| 001 |
0000007614 |
| 005 |
20230714090000.0 |
| 020 |
|
|
|a 9780071121217 (pbk.)
|
| 020 |
|
|
|a 0071121218 (pbk.)
|
| 090 |
0 |
0 |
|a PE1408
|b .L36 2002
|
| 100 |
1 |
|
|a Langan, John
|
| 245 |
1 |
0 |
|a English skills with readings
|c John Langan.
|
| 250 |
|
|
|a 5th ed.
|
| 260 |
|
|
|a Boston:
|b McGraw-Hill,
|c 2002.
|
| 300 |
|
|
|a xxii, 742 p.;
|c 23 cm.
|
| 500 |
|
|
|a Includes index
|
| 650 |
0 |
0 |
|a College readers
|
| 650 |
0 |
0 |
|a English language --
|x Grammar
|
| 650 |
0 |
0 |
|a English language --
|x Rhetoric
|
| 997 |
|
|
|a Education & Social Sciences, Faculty
|b Language Education, Department
|
| 998 |
|
|
|a TESL, Diploma
|
| 998 |
|
|
|a Education (TESL), Degree
|
| 999 |
|
|
|a 0000005305
|b BOK
|c OPEN SHELF
|e 1st Floor, Bestari Jaya
|